MyGZULibrary

Ethics in the presence of Christ / (Record no. 307)

MARC details
000 -LEADER
fixed length control field 01347cam a22003737a 4500
001 - CONTROL NUMBER
control field 18168486
003 - CONTROL NUMBER IDENTIFIER
control field GZU
005 - DATE AND TIME OF LATEST TRANSACTION
control field 20200720115222.0
008 - FIXED-LENGTH DATA ELEMENTS--GENERAL INFORMATION
fixed length control field 110720s2012 enk b 001 0 eng d
010 ## - LIBRARY OF CONGRESS CONTROL NUMBER
LC control number 2013380363
015 ## - NATIONAL BIBLIOGRAPHY NUMBER
National bibliography number GBB188709
Source bnb
016 7# - NATIONAL BIBLIOGRAPHIC AGENCY CONTROL NUMBER
Record control number 015855849
Source Uk
020 ## - INTERNATIONAL STANDARD BOOK NUMBER
International Standard Book Number 9780567144287 (hbk.)
020 ## - INTERNATIONAL STANDARD BOOK NUMBER
International Standard Book Number 0567144283 (hbk.)
020 ## - INTERNATIONAL STANDARD BOOK NUMBER
International Standard Book Number 9780567491732 (pbk.)
020 ## - INTERNATIONAL STANDARD BOOK NUMBER
International Standard Book Number 0567491730 (pbk.)
020 ## - INTERNATIONAL STANDARD BOOK NUMBER
Canceled/invalid ISBN 9780567415042 (ebook)
020 ## - INTERNATIONAL STANDARD BOOK NUMBER
Canceled/invalid ISBN 056741504X (ebook)
035 ## - SYSTEM CONTROL NUMBER
System control number (OCoLC)ocn751728597
035 ## - SYSTEM CONTROL NUMBER
System control number (OCoLC)751728597
Canceled/invalid control number (OCoLC)657604647
-- (OCoLC)750181853
040 ## - CATALOGING SOURCE
Original cataloging agency UKMGB
Language of cataloging eng
Transcribing agency UKMGB
Modifying agency YDXCP
-- LNT
-- CDX
-- BWX
-- BDX
-- YNK
-- BTCTA
-- CNAUC
-- OCLC
-- DLC
042 ## - AUTHENTICATION CODE
Authentication code lccopycat
050 00 - LIBRARY OF CONGRESS CALL NUMBER
Classification number BJ1251
Item number .HOl 2012
100 1# - MAIN ENTRY--PERSONAL NAME
Personal name Holmes, Christopher R. J.,
Dates associated with a name 1974-
Relator term author
245 10 - TITLE STATEMENT
Title Ethics in the presence of Christ /
Statement of responsibility, etc. Christopher R. J. Holmes.
260 ## - PUBLICATION, DISTRIBUTION, ETC.
Place of publication, distribution, etc. London ;
-- New York :
Name of publisher, distributor, etc. T & T Clark,
Date of publication, distribution, etc. c2012.
300 ## - PHYSICAL DESCRIPTION
Extent viii, 164 p. ;
Dimensions 24 cm.
500 ## - GENERAL NOTE
General note Includes bibliographical references (p. 154-158) and indexes.
504 ## - BIBLIOGRAPHY, ETC. NOTE
Bibliography, etc. note Includes bibliographical references (p. 154-158) and indexes.
650 #0 - SUBJECT ADDED ENTRY--TOPICAL TERM
Topical term or geographic name entry element Christian ethics.
906 ## - LOCAL DATA ELEMENT F, LDF (RLIN)
a 7
b cbc
c copycat
d 2
e ncip
f 20
g y-gencatlg
942 ## - ADDED ENTRY ELEMENTS (KOHA)
Source of classification or shelving scheme Library of Congress Classification
Koha item type Books
Classification part 1251
Item part HOL
Call number prefix BJ
Holdings
Withdrawn status Lost status Damaged status Not for loan Collection code Home library Current library Shelving location Date acquired Source of acquisition Total Checkouts Full call number Barcode Date last seen Copy number Price effective from Koha item type Inventory number
        Non-fiction City Campus Library City Campus Library General Stacks 06/05/2015 Book Aid International   BJ1251 HOL 2012 000233 07/20/2020 c. 1 07/20/2020 Books  
        Non-fiction City Campus Library City Campus Library General Stacks 06/05/2015 Book Aid International   BJ1251 HOL 2012 000183 07/20/2020 c. 2 07/20/2020 Books  
        Non-fiction Mashava Campus Library Mashava Campus Library General Stacks 05/04/2021     BJ 1251 HOL 2012 000234 05/04/2021 c.3 05/04/2021 Books 21838